000 00273nam a2200133Ia 4500
100 _aRamalho/Jose A
942 _cBK
654 _aHTML
245 _aLearn Advanced HTML 4.0 wth DHTML
260 _bBPB
_c2000
082 _a4.62
_bRAM
300 _a752
546 _aENGLISH
999 _c33985
_d33985